000 00509nam a2200181Ia 4500
003 LDD
008 181101s9999 xx 000 0 und d
020 _a9788175876071
_c66.00
040 _cLDD
100 _aFaruqi, Nisar Ahmad
245 0 _aKhawaja Hasan Nizami
_cNisar Ahmad Faruqi
260 _aNew delhi
_bMaktaba Jamia Ltd.
_c2011
300 _a160p.
901 _a15921
_b17-03-2017
902 _a2841
_b17-03-2017
_cF
_dPIBD
_e8U
903 _a20
_bReqst by : Moh.Akbar
942 _2ddc
_cUR
999 _c421
_d421